Strategic Management (Record no. 418962)

MARC details
000 -LEADER
fixed length control field 00309nam a2200145Ia 4500
008 - FIXED-LENGTH DATA ELEMENTS--GENERAL INFORMATION
fixed length control field 230605s9999 xx 000 0 und d
041 ## - LANGUAGE CODE
Language code of text/sound track or separate title eng
245 ## - TITLE STATEMENT
Title Strategic Management
260 ## - PUBLICATION, DISTRIBUTION, ETC.
Name of publisher, distributor, etc. Zerox Copy
300 ## - PHYSICAL DESCRIPTION
Extent 290
365 ## - TRADE PRICE
Price amount 460
Tax rate 1 20
500 ## - GENERAL NOTE
General note 260
520 ## - SUMMARY, ETC.
Summary, etc. General
650 ## - SUBJECT ADDED ENTRY--TOPICAL TERM
Topical term or geographic name entry element STRATEGIC

No items available.